Estatuts / Societat Protectora dels Animals y [sic.] de les Plantes de Catalunya
Descripción Física:
14 p. ; 24 cm
MARC
| LEADER | 00000nam a2200000Ia 4500 | ||
|---|---|---|---|
| 001 | 15452 | ||
| 008 | 160829s9999 xx 000 0 cat d | ||
| 080 | |a FU-37-53 | ||
| 100 | |a Societat Protectora dels Animals i de les Plantes de Catalunya |9 46655 | ||
| 245 | |a Estatuts / Societat Protectora dels Animals y [sic.] de les Plantes de Catalunya | ||
| 260 | |a Barcelona : |b Impr. Inglada, [1909] | ||
| 300 | |a 14 p. ; |c 24 cm | ||
| 590 | |a Prové de MA-848, exp. 3 | ||
| 650 | |a Societat Protectora dels Animals i de les Plantes de Catalunya |x Estatuts |9 46656 | ||
| 901 | |a Arxiu | ||
| 942 | |n 1 | ||
| 952 | |0 0 |1 0 |4 0 |6 FU3753 |7 1 |9 53356 |a Arxiu |b Arxiu |d 2016-12-01 |l 0 |o FU-37-53 |p 15452 |r 2016-12-01 00:00:00 |w 2016-12-01 |y ARXIU | ||
| 999 | |c 57221 |d 57221 | ||